[Event "WY U-16 Chess Olympiad 2019"]
[Site "Corum"]
[Date "2019.11.03"]
[Round "7"]
[White "Tantipura, Noppakorn"]
[Black "Kara, Gulce Nehir"]
[Result "1-0"]
[WhiteElo "1851"]
[BlackElo "1925"]
[Annotator "NA"]
[PlyCount "129"]
[EventDate "2019.10.28"]
[EventType "team-tourn"]
[EventCountry "TUR"]
[SourceTitle "playchess.com"]
[Source "ChessBase"]
[SourceQuality "1"]

1. d4 d5 2. c4 e6 3. Nc3 Nf6 4. Nf3 Be7 5. Bg5 O-O 6. e3 h6 7. Bh4 Nbd7 8. Qc2 b6 9. cxd5 exd5 10. Bd3 Bb7 11. O-O c5 12. Rad1 c4 13. Be2 a6 14. Ne5 b5 15. Bf3 Nb6 16. a3 Rc8 17. Rfe1 Ne4 18. Bxe7 Qxe7 19. Nxe4 dxe4 20. Bxe4 Bxe4 21. Qxe4 f6 22. Qh4 Qe8 23. Nf3 Na4 24. Rd2 c3 25. bxc3 Rxc3 26. d5 Rxa3 27. d6 Qd7 28. Qd4 Rc3 29. e4 Qg4 30. d7 Rxf3 31. Qd5+ Kh7 32. d8=Q Rxd8 33. Qxd8 Rc3 34. Qe7 Nc5 35. h3 Qe6 36. Qf8 Qg8 37. Qd6 Qe6 38. Qb8 Nd3 39. Re3 Rc1+ 40. Kh2 Qe5+ 41. Qxe5 Nxe5 42. Ra2 Nc4 43. Rb3 Re1 44. f3 Ne3 45. Kg3 Nc4 46. Rxa6 Re2 47. Ra1 Ne3 48. Rg1 g5 49. Rxb5 h5 50. Rbb1 f5 51. exf5 Nxf5+ 52. Kh2 h4 53. Rge1 Rxe1 54. Rxe1 Kg6 55. Kg1 Ng3 56. Kf2 Kf5 57. Ra1 Nh5 58. Ra5+ Kf6 59. Ke3 Nf4 60. Ke4 Kg6 61. Ra6+ Kh5 62. Ra2 Kg6 63. Rb2 Kf6 64. Rb6+ Kg7 65. Kf5 1-0

[Event "WY U-16 Chess Olympiad 2019"]
[Site "Corum"]
[Date "2019.11.03"]
[Round "7"]
[White "Zaid Alaa Chasib"]
[Black "Foo, Jiu Weir Brien"]
[Result "0-1"]
[WhiteElo "1844"]
[BlackElo "1731"]
[Annotator "NA"]
[PlyCount "108"]
[EventDate "2019.10.28"]
[EventType "team-tourn"]
[EventCountry "TUR"]
[SourceTitle "playchess.com"]
[Source "ChessBase"]
[SourceQuality "1"]

1. e4 e5 2. Nf3 Nf6 3. Nxe5 d6 4. Nf3 Nxe4 5. Nc3 Nxc3 6. dxc3 Be7 7. Bd3 O-O 8. h3 Nc6 9. O-O Bf6 10. Bf4 Be6 11. Re1 h6 12. Qd2 Re8 13. Re2 Qd7 14. Rae1 Re7 15. a4 Rae8 16. Be4 Bf5 17. Qd3 Bxe4 18. Rxe4 Rxe4 19. Rxe4 Rxe4 20. Qxe4 Qe6 21. Nd2 Be5 22. Bxe5 Qxe5 23. f4 Qxe4 24. Nxe4 f5 25. Ng3 g6 26. h4 Kf7 27. Kf2 Kf6 28. Ke2 g5 29. fxg5+ hxg5 30. h5 Ne7 31. c4 Kg7 32. Kf3 Kh6 33. b4 c6 34. a5 d5 35. cxd5 cxd5 36. b5 a6 37. bxa6 bxa6 38. Ne2 Nc6 39. Nc3 d4 40. Nd5 Kxh5 41. Nc7 Nb4 42. g3 Kg6 43. Ke2 f4 44. gxf4 gxf4 45. Ne6 Nxc2 46. Nxf4+ Kf5 47. Nh3 Ke4 48. Nf2+ Kd5 49. Kd2 Nb4 50. Nd3 Nxd3 51. Kxd3 Kc5 52. Kc2 Kb4 53. Kd3 Kxa5 54. Kxd4 Kb4 0-1

[Event "WY U-16 Chess Olympiad 2019"]
[Site "Corum"]
[Date "2019.11.03"]
[Round "7"]
[White "Onufrienko, Vladislav"]
[Black "Risteski, Emil"]
[Result "0-1"]
[WhiteElo "1780"]
[BlackElo "2197"]
[Annotator "ChessBase"]
[PlyCount "54"]
[EventDate "2019.10.28"]
[EventType "team-tourn"]
[EventCountry "TUR"]
[SourceTitle "playchess.com"]
[Source "ChessBase"]
[SourceQuality "1"]

1. e4 c5 2. Nc3 Nc6 3. Bb5 Nd4 4. Bc4 g6 5. f4 Bg7 6. Nf3 e6 7. O-O Ne7 8. Nxd4 cxd4 9. Ne2 O-O 10. d3 d5 11. Bb3 dxe4 12. dxe4 b5 13. Qd3 a5 14. a3 Qb6 15. Kh1 Ba6 16. Qf3 Rac8 17. c3 dxc3 18. Nxc3 b4 19. Na4 Qb5 20. Re1 Rfd8 21. axb4 Qxb4 22. Rd1 Rd3 23. Bxe6 Rxf3 24. Bxc8 Rd3 25. Bd2 Rxd2 26. Rxd2 Qxd2 27. Bxa6 Bxb2 0-1

[Event "WY U-16 Chess Olympiad 2019"]
[Site "Corum"]
[Date "2019.11.03"]
[Round "7"]
[White "Ding, Dao En"]
[Black "Ameer, Dhafer Abdulameer"]
[Result "0-1"]
[WhiteElo "1731"]
[BlackElo "1770"]
[Annotator "NA"]
[PlyCount "102"]
[EventDate "2019.10.28"]
[EventType "team-tourn"]
[EventCountry "TUR"]
[SourceTitle "playchess.com"]
[Source "ChessBase"]
[SourceQuality "1"]

1. d4 d5 2. c4 c6 3. cxd5 cxd5 4. Nc3 Nf6 5. Nf3 Nc6 6. Bf4 Bf5 7. e3 e6 8. Qb3 Bb4 9. Ne5 Bxc3+ 10. bxc3 O-O 11. Be2 Na5 12. Qb4 Rc8 13. O-O Ne4 14. Rfc1 f6 15. Nd3 Qb6 16. Nc5 Nxc5 17. dxc5 Qd8 18. Bd6 Rf7 19. Bh5 Rd7 20. Be2 Nc4 21. Bxc4 dxc4 22. Rd1 Bd3 23. Bg3 e5 24. f3 Qc7 25. e4 Qxc5+ 26. Qxc5 Rxc5 27. Bf2 Rb5 28. Rd2 Rd6 29. Be1 Rdb6 30. Bf2 Ra6 31. Be1 Kf7 32. Kf2 Ke7 33. Kg3 Ke6 34. Kg4 g6 35. Kg3 f5 36. exf5+ Kxf5 37. Rf2 g5 38. Rd2 h5 39. Kf2 e4 40. Ke3 Re6 41. fxe4+ Rxe4+ 42. Kf2 Rf4+ 43. Kg3 Rb6 44. Rf2 h4+ 45. Kh3 Rxf2 46. Bxf2 Rb2 47. Bxh4 gxh4 48. Kxh4 Rxg2 49. h3 Rg8 50. Re1 Kf4 51. Kh5 Rh8# 0-1

[Event "WY U-16 Chess Olympiad 2019"]
[Site "Corum"]
[Date "2019.11.03"]
[Round "7"]
[White "de Jager, Andreas"]
[Black "Modi, Yashil"]
[Result "1-0"]
[WhiteElo "1728"]
[BlackElo "2053"]
[Annotator "NA"]
[PlyCount "111"]
[EventDate "2019.10.28"]
[EventType "team-tourn"]
[EventCountry "TUR"]
[SourceTitle "playchess.com"]
[Source "ChessBase"]
[SourceQuality "1"]

1. e4 e5 2. Nf3 Nc6 3. d4 exd4 4. Nxd4 Nf6 5. Nxc6 bxc6 6. e5 Qe7 7. Qe2 Nd5 8. c4 Nb6 9. b3 a5 10. Ba3 Qe6 11. g3 a4 12. Bg2 axb3 13. axb3 Bb4+ 14. Bxb4 Rxa1 15. O-O Ra8 16. f4 f5 17. g4 d5 18. Nc3 Rb8 19. Bc5 Ba6 20. Ra1 Nd7 21. Rxa6 Nxc5 22. Bxd5 Qh6 23. Rxc6 Qxf4 24. gxf5 Rxb3 25. Qh5+ Kd8 26. Ne2 Rb1+ 27. Kg2 Qf1+ 28. Kg3 Rb3+ 29. Bf3 Ne4+ 30. Kf4 Nd2 31. Nd4 Nxf3 32. Nxf3 Rc3 33. Kg3 Rxc4 34. Qg5+ Kc8 35. Qxg7 Rxc6 36. Qxh8+ Kb7 37. e6 Rc2 38. Qd4 Rg2+ 39. Kf4 Rxh2 40. Qb4+ Ka6 41. Qa4+ Kb6 42. Qb4+ Ka6 43. Qa3+ Kb6 44. e7 Qc4+ 45. Kg3 Re2 46. f6 h5 47. Ne5 h4+ 48. Kh3 Qe6+ 49. Ng4 c5 50. Qa8 Re4 51. Qd8+ Kb7 52. Qd1 c4 53. Qf3 c3 54. e8=Q Qxe8 55. f7 Qxf7 56. Qxf7+ 1-0

[Event "WY U-16 Chess Olympiad 2019"]
[Site "Corum"]
[Date "2019.11.03"]
[Round "7"]
[White "Garayev, Sadig"]
[Black "Magzumov, Damirali"]
[Result "1/2-1/2"]
[WhiteElo "1723"]
[BlackElo "1522"]
[Annotator "NA"]
[PlyCount "108"]
[EventDate "2019.10.28"]
[EventType "team-tourn"]
[EventCountry "TUR"]
[SourceTitle "playchess.com"]
[Source "ChessBase"]
[SourceQuality "1"]

1. e4 c5 2. Nf3 d6 3. d4 cxd4 4. Nxd4 Nf6 5. Nc3 g6 6. Be3 Bg7 7. f3 Nc6 8. Qd2 O-O 9. O-O-O Nxd4 10. Bxd4 Be6 11. Kb1 Qc7 12. g4 Rfc8 13. h4 Qa5 14. Qg5 Qxg5 15. hxg5 Nd7 16. Bxg7 Kxg7 17. Bb5 Ne5 18. Be2 Rh8 19. Rdg1 h6 20. f4 Nc6 21. f5 Bd7 22. gxh6+ Rxh6 23. Rxh6 Kxh6 24. g5+ Kg7 25. Rf1 gxf5 26. exf5 f6 27. gxf6+ Kxf6 28. Bd3 Rh8 29. Ne4+ Ke5 30. Re1 Kf4 31. f6 exf6 32. Nxf6 Ne5 33. Nxd7 Nxd7 34. b3 Ne5 35. Be4 b6 36. Bd5 Rc8 37. a4 Rh8 38. Kb2 Rc8 39. Rh1 Rc7 40. Rh6 Rd7 41. Ka3 Ke3 42. Kb4 Kd4 43. c4 a6 44. Rh4+ Ke3 45. Kc3 Rg7 46. Rh3+ Kf4 47. b4 a5 48. bxa5 bxa5 49. Kc2 Rc7 50. Rh8 Ke3 51. Kc3 Nxc4 52. Rh3+ Kf2 53. Bxc4 d5 54. Rh4 Rxc4+ 1/2-1/2

[Event "WY U-16 Chess Olympiad 2019"]
[Site "Corum"]
[Date "2019.11.03"]
[Round "7"]
[White "Udval, Enkhsaikhan"]
[Black "Sade, Defne"]
[Result "1/2-1/2"]
[WhiteElo "1721"]
[BlackElo "1952"]
[Annotator "NA"]
[PlyCount "89"]
[EventDate "2019.10.28"]
[EventType "team-tourn"]
[EventCountry "TUR"]
[SourceTitle "playchess.com"]
[Source "ChessBase"]
[SourceQuality "1"]

1. d4 d5 2. c4 c6 3. Nf3 Nf6 4. e3 g6 5. Nc3 Bg7 6. Bd3 O-O 7. O-O a6 8. b3 Nbd7 9. Bb2 b5 10. Qc2 Bb7 11. Ba3 Rc8 12. e4 dxc4 13. bxc4 c5 14. Qb3 b4 15. Ne2 Bxe4 16. Bb2 Bxf3 17. gxf3 Nh5 18. Be4 cxd4 19. Qxb4 d3 20. Nd4 Rb8 21. Qa3 Qb6 22. Nb3 Bxb2 23. Qxb2 Nf4 24. Kh1 Rfd8 25. Rad1 Nc5 26. Qe5 Nxe4 27. fxe4 Qd6 28. Qg5 e5 29. c5 Qe6 30. Qg3 Qc4 31. Qe3 Rb4 32. f3 Qb5 33. Qd2 a5 34. Qc3 a4 35. Nd2 Rbd4 36. Rb1 Qd7 37. c6 Qh3 38. Rf2 Ne2 39. Qc5 Ng3+ 40. Kg1 Ne2+ 41. Kh1 Ng3+ 42. Kg1 Ne2+ 43. Kh1 Ng3+ 44. Kg1 Ne2+ 45. Kh1 1/2-1/2

[Event "WY U-16 Chess Olympiad 2019"]
[Site "Corum"]
[Date "2019.11.03"]
[Round "7"]
[White "Schnabel, Johann Emil"]
[Black "Felix, Ethon"]
[Result "1/2-1/2"]
[WhiteElo "1708"]
[BlackElo "1675"]
[Annotator "NA"]
[PlyCount "79"]
[EventDate "2019.10.28"]
[EventType "team-tourn"]
[EventCountry "TUR"]
[SourceTitle "playchess.com"]
[Source "ChessBase"]
[SourceQuality "1"]

1. e4 Nf6 2. Nc3 e5 3. Nf3 Nc6 4. Bb5 a6 5. Ba4 b5 6. Bb3 Be7 7. d3 O-O 8. a4 Rb8 9. axb5 axb5 10. O-O d6 11. h3 Nd4 12. Nxd4 exd4 13. Ne2 c5 14. Ng3 Be6 15. Bxe6 fxe6 16. f4 Qb6 17. f5 e5 18. Bg5 Rf7 19. Ra2 Qd8 20. Qa1 d5 21. Qd1 c4 22. Ra7 dxe4 23. Bxf6 Bxf6 24. Rxf7 Kxf7 25. Nxe4 Kg8 26. Qf3 Qe7 27. Ra1 Rf8 28. Ra5 Rb8 29. Nxf6+ Qxf6 30. Qd5+ Qf7 31. Qxe5 Re8 32. Qxb5 cxd3 33. cxd3 Qe7 34. Qd5+ Kh8 35. Qe4 Qf8 36. Re5 Qe7 37. Ra5 Qf8 38. Qe6 Qe7 39. Qe4 Ra8 40. Re5 1/2-1/2

[Event "WY U-16 Chess Olympiad 2019"]
[Site "Corum"]
[Date "2019.11.03"]
[Round "7"]
[White "Zholdoshmamatov, Adilet"]
[Black "Veljanoski, Andrej"]
[Result "0-1"]
[WhiteElo "1682"]
[BlackElo "1936"]
[Annotator "NA"]
[PlyCount "70"]
[EventDate "2019.10.28"]
[EventType "team-tourn"]
[EventCountry "TUR"]
[SourceTitle "playchess.com"]
[Source "ChessBase"]
[SourceQuality "1"]

1. e4 e5 2. Nf3 Nc6 3. Nc3 Nf6 4. d4 exd4 5. Nxd4 Bb4 6. Nxc6 bxc6 7. Bd3 d5 8. exd5 cxd5 9. O-O O-O 10. Bg5 c6 11. Qf3 Bd6 12. Rfe1 Rb8 13. Rab1 h6 14. Bh4 Rb4 15. Bxf6 Qxf6 16. Qxf6 gxf6 17. Ne2 Be5 18. c3 Rb6 19. Ng3 Ba6 20. Bc2 Rfb8 21. Bf5 Kf8 22. Nh5 Rxb2 23. Rxb2 Rxb2 24. Bd7 Re2 25. Rxe2 Bxe2 26. Ng3 Bb5 27. Nf5 Bxc3 28. Nd6 Ba4 29. Nc8 Bd4 30. g3 Bc5 31. Kf1 Bb5+ 32. Ke1 d4 33. a3 a5 34. Kd2 d3 35. f3 Bxa3 0-1

[Event "WY U-16 Chess Olympiad 2019"]
[Site "Corum"]
[Date "2019.11.03"]
[Round "7"]
[White "Sapenov, Daniyal"]
[Black "Mammadov, Sadig"]
[Result "0-1"]
[WhiteElo "1656"]
[BlackElo "2216"]
[Annotator "ChessBase"]
[PlyCount "74"]
[EventDate "2019.10.28"]
[EventType "team-tourn"]
[EventCountry "TUR"]
[SourceTitle "playchess.com"]
[Source "ChessBase"]
[SourceQuality "1"]

1. d4 Nf6 2. Nf3 g6 3. g3 Bg7 4. Bg2 d6 5. O-O O-O 6. a4 a5 7. c3 c6 8. Nbd2 Qc7 9. e4 e5 10. dxe5 dxe5 11. Qc2 b5 12. Rd1 Na6 13. b3 Bb7 14. Ba3 Rfe8 15. Bf1 Qb6 16. h3 Rad8 17. Be2 Nd7 18. b4 axb4 19. cxb4 Nf8 20. a5 Qc7 21. Nb3 Ne6 22. Rxd8 Rxd8 23. Rd1 Rxd1+ 24. Bxd1 Bf8 25. Qc3 f6 26. Ne1 Ng5 27. Nd2 Nxh3+ 28. Kg2 Ng5 29. Bb3+ Kg7 30. f4 exf4 31. Bb2 Qd8 32. Nef3 Nxf3 33. Nxf3 Bxb4 34. Qc2 c5 35. Ng5 Nc7 36. gxf4 Qd2+ 37. Qxd2 Bxd2 0-1

[Event "WY U-16 Chess Olympiad 2019"]
[Site "Corum"]
[Date "2019.11.03"]
[Round "7"]
[White "Burbach, Brunel Baron"]
[Black "Gardiner, Noa Saxon"]
[Result "1-0"]
[WhiteElo "1642"]
[BlackElo "1311"]
[Annotator "NA"]
[PlyCount "71"]
[EventDate "2019.10.28"]
[EventType "team-tourn"]
[EventCountry "TUR"]
[SourceTitle "playchess.com"]
[Source "ChessBase"]
[SourceQuality "1"]

1. e4 d5 2. exd5 Nf6 3. d4 Bg4 4. Bb5+ Nbd7 5. f3 Bf5 6. c4 e6 7. dxe6 Bxe6 8. d5 Bf5 9. Ne2 Bc5 10. Nbc3 a6 11. Bxd7+ Nxd7 12. Ng3 Bg6 13. Qe2+ Kf8 14. Be3 Qh4 15. O-O Bxe3+ 16. Qxe3 Qxc4 17. Rae1 Qc5 18. Nge4 Qxe3+ 19. Rxe3 Re8 20. Rfe1 f5 21. Ng5 Rxe3 22. Rxe3 Nc5 23. b4 f4 24. Re2 Nd3 25. a3 c5 26. d6 Be8 27. Re7 Bd7 28. Rxd7 Ke8 29. Re7+ Kd8 30. Nf7+ Kc8 31. d7+ Kb8 32. Nxh8 cxb4 33. d8=Q+ Ka7 34. Nb5+ axb5 35. Qa5+ Kb8 36. Re8# 1-0

[Event "WY U-16 Chess Olympiad 2019"]
[Site "Corum"]
[Date "2019.11.03"]
[Round "7"]
[White "Aman Deepak Thadani"]
[Black "Altundal, Arda"]
[Result "1/2-1/2"]
[WhiteElo "1627"]
[BlackElo "1776"]
[Annotator "NA"]
[PlyCount "40"]
[EventDate "2019.10.28"]
[EventType "team-tourn"]
[EventCountry "TUR"]
[SourceTitle "playchess.com"]
[Source "ChessBase"]
[SourceQuality "1"]

1. d4 d5 2. c4 e6 3. Nc3 Nf6 4. Bg5 Be7 5. Nf3 O-O 6. e3 b6 7. Be2 Bb7 8. Bxf6 Bxf6 9. cxd5 exd5 10. b4 g6 11. Qb3 Bg7 12. b5 c5 13. bxc6 Nxc6 14. O-O Na5 15. Qb4 Re8 16. Nd2 Rc8 17. Rfc1 Bf8 18. Qb2 Nc4 19. Nxc4 dxc4 20. a4 Qg5 1/2-1/2

[Event "WY U-16 Chess Olympiad 2019"]
[Site "Corum"]
[Date "2019.11.03"]
[Round "7"]
[White "Popovic, Mateja"]
[Black "Bagvilas, Lukas"]
[Result "1-0"]
[WhiteElo "1535"]
[BlackElo "1983"]
[Annotator "NA"]
[PlyCount "67"]
[EventDate "2019.10.28"]
[EventType "team-tourn"]
[EventCountry "TUR"]
[SourceTitle "playchess.com"]
[Source "ChessBase"]
[SourceQuality "1"]

1. d4 d6 2. Nf3 f5 3. c4 Nf6 4. Nc3 g6 5. Bg5 Bg7 6. e3 c6 7. Be2 Qc7 8. Bxf6 Bxf6 9. Qc2 e5 10. O-O-O e4 11. Nd2 Be6 12. d5 Bf7 13. f3 exf3 14. Bxf3 c5 15. g3 Na6 16. a3 O-O 17. h4 Qd7 18. e4 Nc7 19. h5 b5 20. hxg6 hxg6 21. exf5 Qxf5 22. Be4 Qg5 23. Kb1 Kg7 24. Nf3 Qg4 25. Nh4 Rab8 26. Qd2 Bg5 27. Qc2 Bf6 28. Bf5 Qxc4 29. Bxg6 Bxc3 30. Bxf7 Kxf7 31. Qg6+ Ke7 32. Nf5+ Rxf5 33. Rh7+ Kd8 34. Qxd6+ 1-0

[Event "WY U-16 Chess Olympiad 2019"]
[Site "Corum"]
[Date "2019.11.03"]
[Round "7"]
[White "Louw, Carlo"]
[Black "Dinham, James"]
[Result "1-0"]
[WhiteElo "1518"]
[BlackElo "1589"]
[Annotator "NA"]
[PlyCount "41"]
[EventDate "2019.10.28"]
[EventType "team-tourn"]
[EventCountry "TUR"]
[SourceTitle "playchess.com"]
[Source "ChessBase"]
[SourceQuality "1"]

1. e4 c5 2. Nf3 Nc6 3. c4 e6 4. d4 cxd4 5. Nxd4 Nf6 6. Nc3 Bb4 7. Nxc6 bxc6 8. Bd3 d5 9. e5 Nd7 10. f4 d4 11. a3 Ba5 12. b4 dxc3 13. bxa5 Nc5 14. Bc2 Qxa5 15. Qd6 Bd7 16. Rb1 Na6 17. Rb7 Qd8 18. Ba4 Qe7 19. Rxd7 Qxd6 20. Rxd6 O-O 21. Rxc6 1-0

[Event "WY U-16 Chess Olympiad 2019"]
[Site "Corum"]
[Date "2019.11.03"]
[Round "7"]
[White "Thenuwara, Rashmika"]
[Black "Mohamed Ali S"]
[Result "1-0"]
[WhiteElo "1507"]
[BlackElo "1073"]
[Annotator "NA"]
[PlyCount "61"]
[EventDate "2019.10.28"]
[EventType "team-tourn"]
[EventCountry "TUR"]
[SourceTitle "playchess.com"]
[Source "ChessBase"]
[SourceQuality "1"]

1. d4 d5 2. Nf3 Nf6 3. Bf4 Bf5 4. e3 e6 5. Bd3 Bxd3 6. Qxd3 Bd6 7. Bg3 O-O 8. Nbd2 Nc6 9. c3 Re8 10. O-O a6 11. e4 Nxe4 12. Nxe4 dxe4 13. Qxe4 Bxg3 14. hxg3 Qd5 15. Rfe1 Rad8 16. Re2 Qxe4 17. Rxe4 f5 18. Re2 b5 19. Rae1 Rd6 20. Ng5 b4 21. Nxe6 Rdxe6 22. Rxe6 Rxe6 23. Rxe6 bxc3 24. bxc3 Na5 25. Rxa6 Nc4 26. Rc6 Nd6 27. a4 g5 28. a5 f4 29. gxf4 gxf4 30. a6 Nc8 31. Rxc7 1-0

[Event "WY U-16 Chess Olympiad 2019"]
[Site "Corum"]
[Date "2019.11.03"]
[Round "7"]
[White "Angjelkoska Jana"]
[Black "Lee, Dariya"]
[Result "1-0"]
[WhiteElo "1441"]
[BlackElo "1423"]
[Annotator "NA"]
[PlyCount "106"]
[EventDate "2019.10.28"]
[EventType "team-tourn"]
[EventCountry "TUR"]
[SourceTitle "playchess.com"]
[Source "ChessBase"]
[SourceQuality "1"]

1. e4 d6 2. d4 g6 3. Nc3 Bg7 4. Nf3 Nf6 5. Bg5 Bg4 6. Qd3 Nc6 7. d5 Ne5 8. Nxe5 dxe5 9. Bxf6 Bxf6 10. Qb5+ Bd7 11. Qxb7 O-O 12. Bc4 a5 13. a4 Re8 14. Bb5 Bg7 15. O-O Bxb5 16. Nxb5 Rc8 17. Qc6 e6 18. Rfd1 Qh4 19. dxe6 Rxe6 20. Rd6 Qe7 21. Rxe6 fxe6 22. Rd1 Kh8 23. Qd7 Qxd7 24. Rxd7 c6 25. Nd6 Rb8 26. b3 Kg8 27. Nc4 Ra8 28. Rd6 Kf7 29. Rxc6 Rd8 30. Rd6 Ra8 31. Kf1 Ke7 32. Rb6 Rc8 33. Rb7+ Kf6 34. Rb5 Bf8 35. Rxa5 Bb4 36. Ra7 h5 37. Rd7 Bc3 38. Ke2 Bd4 39. f3 Bg1 40. h4 Bd4 41. Kd3 Bf2 42. a5 Bxh4 43. b4 Be1 44. a6 Bxb4 45. a7 Bc5 46. Nd6 Ra8 47. Nb5 Rc8 48. c3 Kg5 49. Rb7 Ra8 50. Rb8 Rxa7 51. Rg8 Kf6 52. Kc4 Kf7 53. Rh8 Bf2 1-0

[Event "WY U-16 Chess Olympiad 2019"]
[Site "Corum"]
[Date "2019.11.03"]
[Round "7"]
[White "Putter, Nicola"]
[Black "Schonken, Christina"]
[Result "1-0"]
[WhiteElo "1421"]
[BlackElo "1166"]
[Annotator "NA"]
[PlyCount "89"]
[EventDate "2019.10.28"]
[EventType "team-tourn"]
[EventCountry "TUR"]
[SourceTitle "playchess.com"]
[Source "ChessBase"]
[SourceQuality "1"]

1. e4 c5 2. Nc3 d6 3. f4 Nf6 4. Nf3 Nbd7 5. Bc4 e6 6. d3 Be7 7. O-O O-O 8. Qe1 a6 9. a3 b5 10. Ba2 Bb7 11. f5 exf5 12. Ng5 Ne5 13. Qg3 fxe4 14. Ncxe4 Bxe4 15. Nxe4 Nh5 16. Qh3 g6 17. Bh6 Ng7 18. Rae1 Qc8 19. Qxc8 Raxc8 20. Bf4 Nf5 21. Nxd6 Bxd6 22. Bxe5 Bxe5 23. Rxe5 Rfe8 24. Rxe8+ Rxe8 25. b4 cxb4 26. axb4 Kg7 27. Bd5 Nd6 28. c4 bxc4 29. dxc4 f5 30. Ra1 Rc8 31. c5 Nb5 32. Rxa6 Rd8 33. Rb6 Nc3 34. Bf3 h5 35. c6 Rc8 36. b5 Kf7 37. Rb7+ Kf6 38. b6 Nb5 39. c7 Nd6 40. Rb8 Ke7 41. Rxc8 Nxc8 42. b7 Kd7 43. b8=Q Ne7 44. Qd8+ Ke6 45. Qxe7+ 1-0

[Event "WY U-16 Chess Olympiad 2019"]
[Site "Corum"]
[Date "2019.11.03"]
[Round "7"]
[White "Pirmetova, Dariga"]
[Black "Ismayilov, Arturan"]
[Result "0-1"]
[WhiteElo "1379"]
[BlackElo "1561"]
[Annotator "NA"]
[PlyCount "99"]
[EventDate "2019.10.28"]
[EventType "team-tourn"]
[EventCountry "TUR"]
[SourceTitle "playchess.com"]
[Source "ChessBase"]
[SourceQuality "1"]

1. e4 c5 2. Nf3 d6 3. d4 cxd4 4. Nxd4 Nf6 5. Nc3 a6 6. Bc4 e5 7. Nde2 Be6 8. Qd3 Nc6 9. a3 Be7 10. Bg5 Nd7 11. Bxe7 Qxe7 12. Bxe6 Qxe6 13. O-O-O Ke7 14. Nd5+ Kd8 15. Rd2 Nc5 16. Qf3 Rc8 17. Rhd1 Na5 18. Nec3 Nc4 19. Re2 Rc6 20. Kb1 Ke8 21. Ka2 f6 22. b3 Nb6 23. Red2 Nc8 24. Kb2 Kf7 25. Na2 a5 26. Nac3 Rd8 27. b4 axb4 28. axb4 Nd7 29. Qd3 Ncb6 30. Re2 Ra8 31. Ra1 Nc4+ 32. Kb1 Rxa1+ 33. Kxa1 Ndb6 34. Nb5 h6 35. f3 Nxd5 36. exd5 Ra6+ 37. Kb1 Qc8 38. Re4 Na5 39. bxa5 Qc5 40. Qc4 Qg1+ 41. Kb2 h5 42. Qc7+ Kg6 43. Ra4 b6 44. Qxd6 Qf1 45. Nc7 Rxa5 46. Rxa5 bxa5 47. g4 hxg4 48. fxg4 Qc4 49. Ne6 Qxg4 50. Qe7 0-1

[Event "WY U-16 Chess Olympiad 2019"]
[Site "Corum"]
[Date "2019.11.03"]
[Round "7"]
[White "Ozdilli, Mustafa Alper"]
[Black "Cheng, Amanda"]
[Result "1-0"]
[WhiteElo "1328"]
[BlackElo "1420"]
[Annotator "NA"]
[PlyCount "107"]
[EventDate "2019.10.28"]
[EventType "team-tourn"]
[EventCountry "TUR"]
[SourceTitle "playchess.com"]
[Source "ChessBase"]
[SourceQuality "1"]

1. e4 c5 2. d3 e6 3. Nd2 Nc6 4. g3 Nf6 5. Bg2 d5 6. Ne2 d4 7. f4 Ng4 8. Nf3 Be7 9. O-O O-O 10. h3 Nf6 11. g4 Nd7 12. g5 f6 13. h4 Qb6 14. Bh3 Nd8 15. f5 exf5 16. exf5 fxg5 17. hxg5 Nf7 18. Ng3 Qc7 19. Qe1 Bd6 20. Ne4 b6 21. Qh4 Nde5 22. g6 hxg6 23. Nfg5 Nh6 24. Nxd6 Qxd6 25. Ne4 Qd8 26. Bg5 Qd7 27. Bf6 gxf6 28. Nxf6+ Rxf6 29. Qxf6 Qg7 30. Qd8+ Qf8 31. Qd5+ Nef7 32. Qxa8 Bxf5 33. Qxf8+ Kxf8 34. Bxf5 Nxf5 35. Rf2 Kg7 36. Re1 Ng5 37. Rxf5 gxf5 38. Re7+ Kf6 39. Rxa7 Ke5 40. Rb7 Kf4 41. Rxb6 Ke3 42. Rb5 f4 43. Rxc5 Nf3+ 44. Kg2 Ne1+ 45. Kf1 Kd2 46. a4 Nxc2 47. Rxc2+ Kxc2 48. a5 Kxd3 49. a6 Kc2 50. a7 d3 51. a8=Q d2 52. Qc6+ Kd1 53. Qe4 f3 54. Qb1# 1-0

[Event "WY U-16 Chess Olympiad 2019"]
[Site "Corum"]
[Date "2019.11.03"]
[Round "7"]
[White "Booysen, Tineke"]
[Black "Asavasaetakul, Chawit"]
[Result "0-1"]
[WhiteElo "1310"]
[BlackElo "1746"]
[Annotator "NA"]
[PlyCount "78"]
[EventDate "2019.10.28"]
[EventType "team-tourn"]
[EventCountry "TUR"]
[SourceTitle "playchess.com"]
[Source "ChessBase"]
[SourceQuality "1"]

1. e4 c6 2. d4 d5 3. exd5 cxd5 4. Bd3 Nf6 5. Nf3 Bg4 6. Nbd2 Nc6 7. c3 e6 8. O-O Be7 9. Qc2 Bh5 10. Re1 Bg6 11. Bxg6 hxg6 12. h3 Rc8 13. Qd3 O-O 14. Ng5 Nd7 15. Ndf3 Bf6 16. h4 e5 17. dxe5 Ndxe5 18. Nxe5 Nxe5 19. Qg3 Nc4 20. Nf3 Qb6 21. Re2 Rfe8 22. Rc2 Re4 23. Ng5 Be5 24. Nxe4 Bxg3 25. Nxg3 Re8 26. Bf4 Nd6 27. Bxd6 Qxd6 28. Rd1 Re5 29. Rcd2 Qe6 30. Kh2 Qg4 31. Rd4 Qe6 32. c4 dxc4 33. Rd8+ Kh7 34. Rb8 Rd5 35. Rh1 Rd4 36. Rxb7 Rxh4+ 37. Kg1 Qe1+ 38. Nf1 Rxh1+ 39. Kxh1 Qxf1+ 0-1

[Event "WY U-16 Chess Olympiad 2019"]
[Site "Corum"]
[Date "2019.11.03"]
[Round "7"]
[White "Claassen, Anke"]
[Black "Mekarapiruk, Chawit"]
[Result "0-1"]
[WhiteElo "1295"]
[BlackElo "1657"]
[Annotator "NA"]
[PlyCount "82"]
[EventDate "2019.10.28"]
[EventType "team-tourn"]
[EventCountry "TUR"]
[SourceTitle "playchess.com"]
[Source "ChessBase"]
[SourceQuality "1"]

1. e4 e5 2. Nf3 Nc6 3. d4 exd4 4. Bc4 Nf6 5. e5 d5 6. Bb5 Ne4 7. Nxd4 Bc5 8. f3 Qh4+ 9. g3 Nxg3 10. Rg1 Ne4+ 11. Rg3 Nxg3 12. hxg3 Qh1+ 13. Ke2 Qxd1+ 14. Kxd1 Bxd4 15. f4 Bf2 16. Nc3 Bg4+ 17. Kd2 Bxg3 18. Ne2 Bxe2 19. Kxe2 h5 20. Be3 a6 21. Bd3 O-O-O 22. Rg1 h4 23. Rh1 g6 24. Kf3 Nb4 25. a3 Nxd3 26. cxd3 Kb8 27. d4 Rh5 28. Kg2 Rf5 29. Rf1 f6 30. Rf3 Rf8 31. exf6 R5xf6 32. b4 Bxf4 33. Bxf4 Rxf4 34. Re3 Rxd4 35. Re6 g5 36. Re5 g4 37. Rh5 h3+ 38. Kg3 Rf3+ 39. Kh2 Rd2+ 40. Kg1 Rg2+ 41. Kh1 Rf1# 0-1